|
|
|
|
| LEADER |
01051nam a2200277 a 4500 |
| 001 |
3449536 |
| 008 |
100114s1992 cou b 001 0 eng d |
| 010 |
|
|
|a 92017286
|
| 020 |
|
|
|a 0813314399
|
| 020 |
|
|
|a 0813314402 (pbk.)
|
| 040 |
|
|
|a DLC
|c DLC
|d DLC
|d BD-DhAAL
|
| 082 |
0 |
0 |
|a 302.2/0973
|2 20
|
| 100 |
1 |
|
|a Schiller, Herbert I.,
|d 1919-
|
| 245 |
1 |
0 |
|a Mass communications and American empire /
|c Herbert I. Schiller.
|
| 250 |
|
|
|a 2nd ed., updated.
|
| 260 |
|
|
|a Boulder :
|b Westview Press,
|c 1992.
|
| 300 |
|
|
|a x, 214 p. ;
|c 23 cm.
|
| 490 |
0 |
|
|a Critical studies in communication and in the cultural industries
|
| 504 |
|
|
|a Includes bibliographical references and index.
|
| 541 |
1 |
|
|e 00006062
|
| 650 |
|
0 |
|a Communication
|z United States.
|
| 650 |
|
0 |
|a Mass media
|z United States.
|
| 650 |
|
0 |
|a Communication, International.
|
| 852 |
4 |
|
|a Ayesha Abed Library
|j General Shelf.
|
| 999 |
|
|
|c 6995
|d 6995
|
| 952 |
|
|
|0 0
|1 0
|2 ddc
|4 0
|6 302_209730000000000_SCH_1992
|7 0
|9 7250
|a BRACUL
|b BRACUL
|c GEN
|d 2010-01-17
|l 0
|o 302.20973 SCH
|p 3010006062
|r 2010-01-17
|t 1
|w 2010-01-17
|y BK
|